<?xml version="1.0" encoding="UTF-8"?>
<record
    xmlns:xsi="http://www.w3.org/2001/XMLSchema-instance"
    xsi:schemaLocation="http://www.loc.gov/MARC21/slim http://www.loc.gov/standards/marcxml/schema/MARC21slim.xsd"
    xmlns="http://www.loc.gov/MARC21/slim">

  <leader>01092nam2a22002531  4500</leader>
  <controlfield tag="001">RU\NLR\INFOCOMM18\1000218207</controlfield>
  <controlfield tag="005">20250617012825.0</controlfield>
  <datafield tag="035" ind1=" " ind2=" ">
    <subfield code="a">(NLR Aleph) 002344168</subfield>
  </datafield>
  <datafield tag="090" ind1=" " ind2=" ">
    <subfield code="a">4492132</subfield>
    <subfield code="c">4492132</subfield>
  </datafield>
  <datafield tag="100" ind1=" " ind2=" ">
    <subfield code="a">20041029d1982    |||y0rusy50      ca</subfield>
  </datafield>
  <datafield tag="101" ind1="0" ind2=" ">
    <subfield code="a">rus</subfield>
  </datafield>
  <datafield tag="102" ind1=" " ind2=" ">
    <subfield code="a">RU</subfield>
  </datafield>
  <datafield tag="105" ind1=" " ind2=" ">
    <subfield code="a">y   |||||||||</subfield>
  </datafield>
  <datafield tag="200" ind1="1" ind2=" ">
    <subfield code="a">&#x41C;&#x43E;&#x43B;&#x43E;&#x43A;&#x43E; &#x43A;&#x43E;&#x440;&#x43E;&#x432;&#x44C;&#x435;</subfield>
    <subfield code="f">&#x410;.&#x410;. &#x41E;&#x441;&#x438;&#x43F;&#x43E;&#x432;</subfield>
  </datafield>
  <datafield tag="210" ind1=" " ind2=" ">
    <subfield code="d">1982</subfield>
    <subfield code="a">&#x411;. &#x43C;.</subfield>
  </datafield>
  <datafield tag="461" ind1=" " ind2="0">
    <subfield code="1">001RU\NLR\INFOCOMM18\1000218197</subfield>
    <subfield code="1">2001#$a&#x421;&#x435;&#x43B;&#x44C;&#x441;&#x43A;&#x43E;&#x435; &#x445;&#x43E;&#x437;&#x44F;&#x439;&#x441;&#x442;&#x432;&#x43E;$e&#x423;&#x43A;&#x430;&#x437;. &#x43E;&#x442;&#x435;&#x447;. &#x43D;&#x43E;&#x440;&#x43C;&#x430;&#x442;.-&#x442;&#x435;&#x445;&#x43D;. &#x434;&#x43E;&#x43A;&#x443;&#x43C;&#x435;&#x43D;&#x442;&#x43E;&#x432;, &#x43C;&#x435;&#x436;&#x434;&#x443;&#x43D;&#x430;&#x440;. &#x438; &#x438;&#x43D;&#x43E;&#x441;&#x442;&#x440;. &#x441;&#x442;&#x430;&#x43D;&#x434;&#x430;&#x440;&#x442;&#x43E;&#x432;$f&#x412;&#x41D;&#x418;&#x418;&#x41A;&#x418;$v1982, &#x412;&#x44B;&#x43F;.6</subfield>
    <subfield code="9">4492101</subfield>
    <subfield code="c">&#x41C;.</subfield>
    <subfield code="d">1979-1985</subfield>
    <subfield code="f">&#x412;&#x41D;&#x418;&#x418;&#x41A;&#x418;</subfield>
    <subfield code="o">&#x423;&#x43A;&#x430;&#x437;. &#x43E;&#x442;&#x435;&#x447;. &#x43D;&#x43E;&#x440;&#x43C;&#x430;&#x442;.-&#x442;&#x435;&#x445;&#x43D;. &#x434;&#x43E;&#x43A;&#x443;&#x43C;&#x435;&#x43D;&#x442;&#x43E;&#x432;, &#x43C;&#x435;&#x436;&#x434;&#x443;&#x43D;&#x430;&#x440;. &#x438; &#x438;&#x43D;&#x43E;&#x441;&#x442;&#x440;. &#x441;&#x442;&#x430;&#x43D;&#x434;&#x430;&#x440;&#x442;&#x43E;&#x432;</subfield>
    <subfield code="t">&#x421;&#x435;&#x43B;&#x44C;&#x441;&#x43A;&#x43E;&#x435; &#x445;&#x43E;&#x437;&#x44F;&#x439;&#x441;&#x442;&#x432;&#x43E;</subfield>
    <subfield code="x">0205-8383</subfield>
    <subfield code="v">1982, &#x412;&#x44B;&#x43F;.6</subfield>
  </datafield>
  <datafield tag="700" ind1=" " ind2="1">
    <subfield code="a">&#x41E;&#x441;&#x438;&#x43F;&#x43E;&#x432;</subfield>
    <subfield code="b">&#x410;.&#x410;.</subfield>
    <subfield code="4">070</subfield>
  </datafield>
  <datafield tag="801" ind1=" " ind2="1">
    <subfield code="a">RU</subfield>
    <subfield code="b">InfoComm</subfield>
    <subfield code="c">20041029</subfield>
  </datafield>
  <datafield tag="801" ind1=" " ind2="0">
    <subfield code="a">RU</subfield>
    <subfield code="b">NLR</subfield>
    <subfield code="g">PSBO</subfield>
  </datafield>
  <datafield tag="852" ind1=" " ind2=" ">
    <subfield code="a">NLR</subfield>
    <subfield code="b">&#x41F;&#x442;</subfield>
    <subfield code="j">&#x41F;-1/138</subfield>
  </datafield>
  <datafield tag="942" ind1=" " ind2=" ">
    <subfield code="c">ISSUE</subfield>
  </datafield>
  <datafield tag="980" ind1=" " ind2=" ">
    <subfield code="a">NB</subfield>
  </datafield>
  <datafield tag="980" ind1=" " ind2=" ">
    <subfield code="a">RUSPER</subfield>
  </datafield>
</record>
